Business Environment/ (Record no. 4593)
[ view plain ]
| 000 -LEADER | |
|---|---|
| fixed length control field | 00463nam a22001577a 4500 |
| 008 - FIXED-LENGTH DATA ELEMENTS--GENERAL INFORMATION | |
| fixed length control field | 161121b xxu||||| |||| 00| 0 eng d |
| 020 ## - INTERNATIONAL STANDARD BOOK NUMBER | |
| International Standard Book Number | 978-81-775-8350-2 |
| 082 ## - DEWEY DECIMAL CLASSIFICATION NUMBER | |
| Classification number | 330.9 SAL |
| 100 ## - MAIN ENTRY--PERSONAL NAME | |
| Personal name | Saleem, Shaikh.- |
| 245 ## - TITLE STATEMENT | |
| Title | Business Environment/ |
| Statement of responsibility, etc. | Skaikh Saleem.- |
| Medium | English. |
| 260 ## - PUBLICATION, DISTRIBUTION, ETC. (IMPRINT) | |
| Place of publication, distribution, etc. | New Delhi: |
| Name of publisher, distributor, etc. | Pearson Education, |
| Date of publication, distribution, etc. | 2006. |
| 300 ## - PHYSICAL DESCRIPTION | |
| Extent | 532p.; |
| Dimensions | 28cm.- |
| 440 ## - SERIES STATEMENT/ADDED ENTRY--TITLE | |
| Title | Pearson Edication.- |
| 650 ## - SUBJECT ADDED ENTRY--TOPICAL TERM | |
| Source of heading or term | Economic Situations and Conditions |
| 942 ## - ADDED ENTRY ELEMENTS (KOHA) | |
| Source of classification or shelving scheme | Dewey Decimal Classification |
| Koha item type | BOOKS |
No items available.
